000 00649nam a22001817a 4500
005 20251108175824.0
008 250721s2021 xx 000 0 ara d
082 1 4 _a811.009/عيد
100 1 _aالعيدان، ملبي فتحي احمد
245 1 0 _aالصورة في شعر ابن دانيال الموصلي :
_bدراسة في القيمة الجمالية والتشكيل اللغوي /
264 1 _aعمان :
_bدار غيداء للنشر،
_c2021.
300 _a191ص.
650 1 7 _aالشعر العربي
650 1 7 _aالنقد الادبي
650 1 7 _aالتحليل الادبي
942 _2ddc
_cBK
999 _c143240
_d143240